Отчет о состоянии Дерптского университета за 1823 год

Доступно только в Электронных читальных залах Найти на картеНа карте
RUSMARC
00004290nmc2a2200000 x 450
001461e04b8-500d-4c34-a5f3-ed948638bb14
00520170113123801.0
100##$a20140507l18241824k l0rusy0189 ca
1010#$arus
102##$aRU
2001#$aОтчет о состоянии Дерптского университета за 1823 год
$j19-23 сентября 1824 г.
251##$cДело
300##$aДело
300##$aОриг. заголовок дела: Дело по отношению попечителя Дерптского университета о препровождении генерального отчета о состоянии учебных заведений в ведении сего университета состоящих за 1823 год. 19 сентября 1824 г. - 23 сентября 1824 г
801#0$aRU
$bРГИА
$c20140507
$gRCR
801#1$aRU
$bГлавНИВЦ
$c20140507
$2rusmarc
801#2$aRU
$bПБ им. Б.Н. Ельцина
$c20170113
$gRCR
$2rusmarc
850##$aРГИА
852##$aРГИА
$eФедеральное казенное учреждение "Российский государственный исторический архив" (РГИА)
$j339
937##$hРГИА
$d11169864
$aASBIBLIO_SCAN
462#0$10015faafd89-1df2-4e8f-a0ba-1d8a620713c6
$12001
$aДела Департамента народного просвещения по Дерптскому учебному округу за 1802-1836 гг.
$1251
$cОпись
$1852
$j56
461#0$1001a74412a3-3cc5-4d21-8f0a-dfe2fbd9e72d
$12001
$aДепартамент народного просвещения Министерства народного просвещения (1803-1917)
$1251
$cФонд
$1852
$j733
215##$a70 л.
$d36,5х26 см
371##$aДокумент не является опубликованным и широко распространяемым
105##$ay###
1222#$ad
5171#$aДело по отношению попечителя Дерптского университета о препровождении генерального отчета о состоянии учебных заведений в ведении сего университета состоящих за 1823 год. 19 сентября 1824 г. - 23 сентября 1824 г
035##$a461e04b8-500d-4c34-a5f3-ed948638bb14
856##$uhttp://readingroom.main.prlib.ru/item.aspx?id_node=n94243267&mode=full
Формат отображения